000 00421pab a2200169 454500
008 180718b1986 xxu||||| |||| 00| 0 eng d
100 _aSharma, B.D.
245 _aNew education policy and the tribal people
260 _c1986
300 _ap.590-598.
362 _aJul-Sep
650 _aTribes
650 _aEducational policy
773 _aIndian Journal of Public Administration
908 _aN
909 _a88788
999 _c88788
_d88788